000 00454nam a2200145Ia 4500
008 220216s9999 xx 000 0 und d
100 _aKennard W C
245 0 _aQuantitative trait analysis of fruit quality in cucumber: QTL detection, confirmation, and comparison with mating-design variation
260 _bTheoretical and Applied Genetics
_c1995
300 _a53-61
650 _aGenetic map
650 _aQTL
700 _aHarvey M J
942 _cJS
999 _c66212
_d66212